000
00438nam a2200181Ia 4500
008
090123s9999 xx 000 0 und d
082
_b
42649
100
_a
नवरे श.ना.
245
_a
पर्वणी
250
_a
1
260
_c
1997
300
_a
278
600
_a
नवरे श.ना.
630
_a
पर्वणी
700
_a
नवरे श.ना.
730
_a
पर्वणी
942
_c
BOOK
999
_c
80726
_d
80726